<?xml version="1.0" encoding="UTF-8"?>
<record
    xmlns:xsi="http://www.w3.org/2001/XMLSchema-instance"
    xsi:schemaLocation="http://www.loc.gov/MARC21/slim http://www.loc.gov/standards/marcxml/schema/MARC21slim.xsd"
    xmlns="http://www.loc.gov/MARC21/slim">

  <leader>00805    a2200253   4500</leader>
  <controlfield tag="003">CBULib</controlfield>
  <controlfield tag="005">20241106092433.0</controlfield>
  <controlfield tag="008">241104b        |||||||| |||| 00| 0 eng d</controlfield>
  <datafield tag="020" ind1=" " ind2=" ">
    <subfield code="a">9780300255072</subfield>
  </datafield>
  <datafield tag="040" ind1=" " ind2=" ">
    <subfield code="b">English</subfield>
    <subfield code="c">CBULib</subfield>
    <subfield code="e">rda</subfield>
  </datafield>
  <datafield tag="050" ind1=" " ind2=" ">
    <subfield code="a">BS 580 Par</subfield>
  </datafield>
  <datafield tag="100" ind1=" " ind2=" ">
    <subfield code="a">Pardes, Ilana</subfield>
  </datafield>
  <datafield tag="245" ind1=" " ind2=" ">
    <subfield code="a">Ruth : a migrant's tale</subfield>
    <subfield code="c">/ by Ilana Pardes</subfield>
  </datafield>
  <datafield tag="260" ind1=" " ind2=" ">
    <subfield code="b">Yale University Press,</subfield>
    <subfield code="c">2022</subfield>
    <subfield code="a">New Haven :</subfield>
  </datafield>
  <datafield tag="300" ind1=" " ind2=" ">
    <subfield code="a">217 pages : illustrations</subfield>
  </datafield>
  <datafield tag="336" ind1=" " ind2=" ">
    <subfield code="2">rdacontent</subfield>
    <subfield code="a">Text |</subfield>
    <subfield code="b">txt</subfield>
  </datafield>
  <datafield tag="337" ind1=" " ind2=" ">
    <subfield code="2">rdamedia</subfield>
    <subfield code="a">Unmediated |</subfield>
    <subfield code="b">n</subfield>
  </datafield>
  <datafield tag="338" ind1=" " ind2=" ">
    <subfield code="2">rdacarrier</subfield>
    <subfield code="a">Volume</subfield>
    <subfield code="b">nc</subfield>
  </datafield>
  <datafield tag="500" ind1=" " ind2=" ">
    <subfield code="a">Includes bibliographical references and index.
</subfield>
  </datafield>
  <datafield tag="650" ind1=" " ind2="0">
    <subfield code="9">3960</subfield>
    <subfield code="a">RUTH (BIBLICAL FIGURE)</subfield>
  </datafield>
  <datafield tag="650" ind1=" " ind2="0">
    <subfield code="9">3961</subfield>
    <subfield code="a">RUTH (BIBLICAL FIGURE) - ART</subfield>
  </datafield>
  <datafield tag="650" ind1=" " ind2="0">
    <subfield code="9">3962</subfield>
    <subfield code="a">RUTH (BIBLICAL FIGURE) IN LITERATURE</subfield>
  </datafield>
  <datafield tag="942" ind1=" " ind2=" ">
    <subfield code="2">lcc</subfield>
    <subfield code="c">002</subfield>
  </datafield>
  <datafield tag="999" ind1=" " ind2=" ">
    <subfield code="c">85713</subfield>
    <subfield code="d">85713</subfield>
  </datafield>
  <datafield tag="952" ind1=" " ind2=" ">
    <subfield code="0">0</subfield>
    <subfield code="1">0</subfield>
    <subfield code="2">lcc</subfield>
    <subfield code="4">0</subfield>
    <subfield code="7">0</subfield>
    <subfield code="8">LSK</subfield>
    <subfield code="a">010</subfield>
    <subfield code="b">010</subfield>
    <subfield code="c">GEN</subfield>
    <subfield code="d">2024-11-04</subfield>
    <subfield code="e">BOOK AID INTERNATIONAL </subfield>
    <subfield code="o">BS 580 Par</subfield>
    <subfield code="p">753102</subfield>
    <subfield code="r">2024-11-04</subfield>
    <subfield code="w">2024-11-04</subfield>
    <subfield code="y">002</subfield>
  </datafield>
  <datafield tag="952" ind1=" " ind2=" ">
    <subfield code="0">0</subfield>
    <subfield code="1">0</subfield>
    <subfield code="2">lcc</subfield>
    <subfield code="4">0</subfield>
    <subfield code="7">0</subfield>
    <subfield code="8">LSK</subfield>
    <subfield code="a">010</subfield>
    <subfield code="b">010</subfield>
    <subfield code="c">GEN</subfield>
    <subfield code="d">2024-11-04</subfield>
    <subfield code="e">BOOK AID INTERNATIONAL </subfield>
    <subfield code="o">BS 580 Par</subfield>
    <subfield code="p">753101</subfield>
    <subfield code="r">2024-11-04</subfield>
    <subfield code="w">2024-11-04</subfield>
    <subfield code="y">002</subfield>
  </datafield>
  <datafield tag="952" ind1=" " ind2=" ">
    <subfield code="0">0</subfield>
    <subfield code="1">0</subfield>
    <subfield code="2">lcc</subfield>
    <subfield code="4">0</subfield>
    <subfield code="7">0</subfield>
    <subfield code="8">MC</subfield>
    <subfield code="a">001</subfield>
    <subfield code="b">001</subfield>
    <subfield code="c">GEN</subfield>
    <subfield code="d">2025-07-29</subfield>
    <subfield code="e">DON-BOOKAID</subfield>
    <subfield code="l">0</subfield>
    <subfield code="o">BS 580 Par</subfield>
    <subfield code="p">753624</subfield>
    <subfield code="r">2025-07-29</subfield>
    <subfield code="t">3</subfield>
    <subfield code="w">2025-07-29</subfield>
    <subfield code="y">002</subfield>
  </datafield>
  <datafield tag="952" ind1=" " ind2=" ">
    <subfield code="0">0</subfield>
    <subfield code="1">0</subfield>
    <subfield code="2">lcc</subfield>
    <subfield code="4">0</subfield>
    <subfield code="7">0</subfield>
    <subfield code="8">MC</subfield>
    <subfield code="a">001</subfield>
    <subfield code="b">001</subfield>
    <subfield code="c">GEN</subfield>
    <subfield code="d">2025-07-29</subfield>
    <subfield code="e">DON-BOOKAID </subfield>
    <subfield code="l">0</subfield>
    <subfield code="o">BS 580 Par</subfield>
    <subfield code="p">753625</subfield>
    <subfield code="r">2025-07-29</subfield>
    <subfield code="t">4</subfield>
    <subfield code="w">2025-07-29</subfield>
    <subfield code="y">002</subfield>
  </datafield>
</record>
